000
00236nam a2200097Ia 4500
008
190216s9999||||xx |||||||||||||| ||und||
100
_a
Muttathu Varkey
245
0
_a
Vazhithetti Vanna Malaka
260
_b
Nbs Kottayam
942
_c
BK
999
_c
30390
_d
30390